Music Quiz

Random Music Quiz

U2 Studio Albums by Year Released Quiz Stats

 Plays Quiz not verified by Sporcle

Support Sporcle.
Go Orange.
Score 0/12 Timer 04:00
0 Plays Today
Year Album % Correct
1980Boy
98.5%
1983War
98.5%
1987The Joshua Tree
98.5%
1991Achtung Baby
97%
1988Rattle and Hum
93.9%
2004How To Dismantle an Atomic Bomb
93.9%
1997Pop
92.4%
1981October
90.9%
1984The Unforgettable Fire
90.9%
1993Zooropa
90.9%
2000All That You Can't Leave Behind
90.9%
2009No Line on the Horizon
81.8%

You're not logged in!

Compare scores with friends on all Sporcle quizzes.
OR
Log In

From the Vault

#15 Athletes

by Joshie_the_great

At least most these athletes had more than 15 minutes of fame.
Remove Ads.
Support Sporcle.
Get the best of Sporcle when you Go Orange. This ad-free experience offers more features, more stats, and more fun while also helping to support Sporcle. Thank you for becoming a member.

Show Comments

Extras

Created Mar 7, 2011ReportNominate
Tags:U2 Band

Top Quizzes Today


Score Distribution

Your Account Isn't Verified!

In order to create a playlist on Sporcle, you need to verify the email address you used during registration. Go to your Sporcle Settings to finish the process.

Report this User

Report this user for behavior that violates our Community Guidelines.

Details: